Statistics for Countries with Longest Coastlines by Continent

Click here to take the quiz!

General Stats

  • This quiz has been taken 360 times
  • The average score is 6 of 6

Answer Stats

Coastline (km)ContinentCountry% Correct
137,000North AmericaCanada
98%
34,100OceaniaAustralia
97%
31,300South AmericaChile
96%
73,000EuropeRussia
95%
52,500AsiaIndonesia
90%
5,440AfricaMadagascar
75%

Score Distribution

Percentile by Number Answered

Percent of People with Each Score

Your Score History

You have not taken this quiz